000 00662nam a22002177a 4500
005 20230703143914.0
007 ta
008 230615s1998 ve |||||r|||| 00| 0 spa d
020 _a9803661523
040 _aDLC
_cDLC
_dvecauma
099 _aHB236
_bV4 C4
100 1 _94879
_aChelminski, Vladimir
245 1 4 _aLos controles de precios :
_bbuenas intenciones y trágicos resultados
260 _aCaracas :
_bPanapo :
_bCEDICE,
_c1998.
300 _a208 p.
490 0 _aVenezuela Hoy
_v10
504 _aIncluye referencias bibliográficas.
650 0 _94865
_aCONTROL DE PRECIOS
_zVENEZUELA
942 _2lcc
_cBK
999 _c6189
_d6189